[Event "CRO-ch Youth U19 2020"]
[Site "Vinkovci"]
[Date "2020.08.01"]
[Round "6.12"]
[White "Smetisko, Josip"]
[Black "Salamon, Viktor"]
[Result "1/2-1/2"]
[WhiteElo "1940"]
[BlackElo "1805"]
[Annotator "TA"]
[PlyCount "110"]
[EventDate "2020.07.28"]
[EventType "swiss"]
[EventCountry "CRO"]

{[%evp 15,110,-20,-12,-22,10,0,26,18,61,63,51,66,59,58,54,0,0,0,0,0,0,0,0,0,2,9,6,0,0,0,0,0,18,10,91,85,87,89,95,72,87,28,37,37,60,59,75,75,91,68,68,68,68,68,68,68,68,68,68,68,79,67,67,67,68,68,83,83,83,83,117,117,117,117,117,117,117,117,117,117,117,0,117,117,117,117,12845,0,0,0,0,0,0,0,0,0,0]} 1. e4 c6 2. d3 d5 3. Nd2 e5 4. Ngf3 Bd6 5. g3 Nf6 6. Bg2 O-O 7. O-O Nbd7 8. c3 Re8 9. Qc2 {B10: Caro-Kann: 2 d3 and 2 c4.} b6 10. Re1 a5 11. d4 {[#] White has an edge.} dxe4 $146 ({Predecessor:} 11... Bb7 12. dxe5 Nxe5 13. exd5 cxd5 14. Nxe5 Bxe5 15. Nf3 Bd6 16. Bg5 Rxe1+ 17. Rxe1 h6 {½-½ (85) Belmonte,D-Cejas,J (2352) Rio Tercero 2012}) 12. Nxe4 Nxe4 13. Qxe4 Bb7 $1 14. Bg5 Qc7 15. Qc2 ({White should play} 15. Qg4 $14) 15... h6 $11 16. dxe5 Nxe5 17. Nxe5 Bxe5 18. Be3 c5 19. Bxb7 Qxb7 20. Qf5 Qc8 21. Qxc8 Raxc8 22. Rad1 a4 23. a3 Re6 24. Rd7 Rc7 (24... Bc7 $11) 25. Rd8+ $16 Kh7 26. Ra8 b5 27. Ra5 b4 28. axb4 (28. Rxa4 $16 bxc3 29. bxc3) 28... cxb4 $11 29. cxb4 Bxb2 30. Rxa4 Rc4 31. Rb1 Bc3 32. Ra7 {[#] Strongly threatening b5.} Rxb4 33. Rxb4 Bxb4 34. Rxf7 $14 {[%mdl 4096] Endgame KRB-KRB} Bc3 35. Kg2 Kg6 36. Rf8 (36. Rc7 {with more complications.} Bf6 37. Kf3 Re5 38. h3 h5 39. Rc6) 36... Bb2 37. Rb8 (37. Ra8 {is more complex.} Bf6 38. Kf3 Re5 39. Ra6 Rd5 40. h4) 37... Bc3 38. Rb6 (38. Rb5 {keeps more tension.} Bf6 39. g4 Kf7 40. Kg3 Ra6 41. h4) 38... Rxb6 39. Bxb6 {KB-KB} Kf7 40. f4 g5 41. Kf3 gxf4 42. gxf4 Bb2 43. Kg4 Bc1 44. Bd4 {Black must now prevent Be5.} Kg6 45. f5+ Kf7 46. Be5 Ba3 47. Kh5 Bc1 48. Kg4 Ba3 $1 49. Bf4 Bf8 50. Bd2 {h3 is the strong threat.} Bg7 $2 {[%mdl 8192] [#]} (50... Kf6 $16) 51. Kh5 $2 ({White must play} 51. h3 $1 $18 {Threatens to win with Bc1.} Bf8 52. Be3) 51... Be5 $11 {The position is equal.} 52. h3 Kf6 53. Kg4 h5+ $1 54. Kxh5 {And now Kg4 would win.} Kxf5 55. Bg5 Bg3 {Accuracy: White = 93%, Black = 78%.} 1/2-1/2

[Event "CRO-ch Youth U19 2020"]
[Site "Vinkovci"]
[Date "2020.08.01"]
[Round "6.13"]
[White "Baric, Marko"]
[Black "Purini, Bruno"]
[Result "1/2-1/2"]
[WhiteElo "1831"]
[BlackElo "2017"]
[Annotator "ChessBase"]
[PlyCount "42"]
[EventDate "2020.07.28"]
[EventType "swiss"]
[EventCountry "CRO"]
[TimeControl "5400+30"]

1. e4 {[%emt 0:00:30]} e5 {[%emt 0:00:30]} 2. Nf3 {[%emt 0:00:30]} Nc6 {[%emt 0:00:00]} 3. Bb5 {[%emt 0:00:00]} a6 {[%emt 0:00:00]} 4. Ba4 {[%emt 0:00:00]} Nf6 {[%emt 0:00:30]} 5. O-O {[%emt 0:00:30]} b5 {[%emt 0:00:30]} 6. Bb3 {[%emt 0:00:00]} Bc5 {[%emt 0:00:30]} 7. Nxe5 {[%emt 0:07:00]} Nxe5 {[%emt 0:02:30]} 8. d4 {[%emt 0:00:30]} Bxd4 {[%emt 0:04:30]} 9. Qxd4 {[%emt 0:00:30]} d6 {[%emt 0:01:30]} 10. Qe3 {[%emt 0:06:30]} c5 {[%emt 0:01:30]} 11. c3 {[%emt 0:04:30]} O-O {[%emt 0:02:30]} 12. f3 {[%emt 0:09:30]} Re8 {[%emt 0:03:30]} 13. Rd1 {[%emt 0:06:30]} Bb7 {[%emt 0:06:30]} 14. Qf2 {[%emt 0:00:30]} Qe7 {[%emt 0:06:30]} 15. Bg5 {[%emt 0:03:30]} Nxe4 {[%emt 0:13:30]} 16. Bxe7 {[%emt 0:01:30]} Nxf2 {[%emt 0:00:30]} 17. Kxf2 {[%emt 0:00:30]} Rxe7 {[%emt 0:00:00]} 18. Rxd6 {[%emt 0:00:30]} Rae8 {[%emt 0:01:00]} 19. Nd2 {[%emt 0:04:30]} Ng6 {[%emt 0:05:30]} 20. Kg3 {[%emt 0:04:30]} Kf8 {[%emt 0:01:30]} 21. Bc2 {[%emt 0:08:30]} Re6 {[%emt 0:04:30]} 1/2-1/2

[Event "CRO-ch Youth U19 2020"]
[Site "Vinkovci"]
[Date "2020.08.01"]
[Round "6.14"]
[White "Juric, Matea"]
[Black "Dasic, Jelena"]
[Result "0-1"]
[WhiteElo "1559"]
[BlackElo "1814"]
[Annotator "NA"]
[PlyCount "52"]
[EventDate "2020.07.28"]
[EventType "swiss"]
[EventCountry "CRO"]
[TimeControl "5400+30"]

1. e4 {[%emt 0:00:30]} c5 {[%emt 0:02:30]} 2. Nf3 {[%emt 0:00:00]} e6 {[%emt 0:00:00]} 3. d4 {[%emt 0:00:00]} cxd4 {[%emt 0:00:00]} 4. Nxd4 {[%emt 0:00:30]} a6 {[%emt 0:00:00]} 5. a3 {[%emt 0:00:30]} Qc7 {[%emt 0:00:00]} 6. Be2 {[%emt 0:02:30]} Nf6 {[%emt 0:00:30]} 7. Nc3 {[%emt 0:00:30]} b5 {[%emt 0:00:30]} 8. Bg5 {[%emt 0:03:30]} Be7 {[%emt 0:02:30]} 9. Qd2 {[%emt 0:06:30]} d6 {[%emt 0:07:30]} 10. O-O {[%emt 0:05:30]} Nbd7 {[%emt 0:00:00]} 11. Rad1 {[%emt 0:02:30]} Bb7 {[%emt 0:03:00]} 12. f3 {[%emt 0:13:30]} O-O {[%emt 0:03:30]} 13. Kh1 {[%emt 0:07:30]} Ne5 {[%emt 0:07:30]} 14. Nb3 {[%emt 0:13:30]} Nc4 {[%emt 0:01:30]} 15. Bxc4 {[%emt 0:01:30]} bxc4 {[%emt 0:00:00]} 16. Nd4 {[%emt 0:00:30]} Rab8 {[%emt 0:03:00]} 17. Rb1 {[%emt 0:05:30]} Rfd8 {[%emt 0:01:30]} 18. Qe3 {[%emt 0:04:30]} Qc5 {[%emt 0:05:30]} 19. Rfe1 {[%emt 0:01:30]} h6 {[%emt 0:00:30]} 20. Bh4 {[%emt 0:03:30]} Ng4 {[%emt 0:14:30]} 21. fxg4 {[%emt 0:01:30]} Bxh4 {[%emt 0:00:30]} 22. Rf1 {[%emt 0:03:30]} Bf6 {[%emt 0:00:30]} 23. Rxf6 {[%emt 0:09:39]} gxf6 {[%emt 0:00:30]} 24. Qd2 {[%emt 0:02:12]} Qg5 {[%emt 0:00:30]} 25. Qe2 {[%emt 0:01:21]} d5 {[%emt 0:00:30]} 26. exd5 {[%emt 0:04:01]} Bxd5 {[%emt 0:00:30]} 0-1

[Event "CRO-ch Youth U19 2020"]
[Site "Vinkovci"]
[Date "2020.08.01"]
[Round "6.15"]
[White "Vujic, Agata"]
[Black "Smetisko, Marija"]
[Result "0-1"]
[WhiteElo "1621"]
[BlackElo "1917"]
[Annotator "ChessBase"]
[PlyCount "56"]
[EventDate "2020.07.28"]
[EventType "swiss"]
[EventCountry "CRO"]
[TimeControl "5400+30"]

1. e4 {[%emt 0:02:30]} e5 {[%emt 0:00:30]} 2. Nf3 {[%emt 0:00:30]} d6 {[%emt 0:02:30]} 3. Bc4 {[%emt 0:00:30]} c6 {[%emt 0:01:30]} 4. Nc3 {[%emt 0:00:30]} Be7 {[%emt 0:00:30]} 5. d3 {[%emt 0:01:30]} Nf6 {[%emt 0:01:30]} 6. h3 {[%emt 0:00:30]} Nbd7 {[%emt 0:00:30]} 7. a4 {[%emt 0:00:00]} O-O {[%emt 0:02:30]} 8. O-O {[%emt 0:00:00]} Nc5 {[%emt 0:03:30]} 9. Re1 {[%emt 0:01:30]} Ne6 {[%emt 0:06:30]} 10. Bb3 {[%emt 0:00:30]} h6 {[%emt 0:04:30]} 11. Ne2 {[%emt 0:02:30]} Nh5 {[%emt 0:02:30]} 12. c3 {[%emt 0:00:30]} Nef4 {[%emt 0:08:30]} 13. Nxf4 {[%emt 0:02:30]} Nxf4 {[%emt 0:03:30]} 14. d4 {[%emt 0:02:30]} Ng6 {[%emt 0:12:30]} 15. Bc2 {[%emt 0:04:30]} Qc7 {[%emt 0:01:30]} 16. b3 {[%emt 0:09:30]} Bd7 {[%emt 0:05:30]} 17. Qd3 {[%emt 0:17:30]} Rad8 {[%emt 0:06:30]} 18. d5 {[%emt 0:00:30]} Bf6 {[%emt 0:08:30]} 19. Be3 {[%emt 0:03:30]} cxd5 {[%emt 0:01:30]} 20. exd5 {[%emt 0:00:30]} e4 {[%emt 0:00:30]} 21. Qxe4 {[%emt 0:00:30]} Bxc3 {[%emt 0:00:30]} 22. Qd3 {[%emt 0:01:30]} Bxa1 {[%emt 0:00:30]} 23. Rxa1 {[%emt 0:00:00]} f5 {[%emt 0:01:30]} 24. Qd1 {[%emt 0:02:00]} Qa5 {[%emt 0:06:15]} 25. Bc1 {[%emt 0:03:30]} Ne7 {[%emt 0:04:45]} 26. Ba3 {[%emt 0:01:30]} Qxd5 {[%emt 0:01:55]} 27. Bxd6 {[%emt 0:00:30]} Qe6 {[%emt 0:00:23]} 28. b4 {[%emt 0:01:30]} Bxa4 {[%emt 0:00:39]} 0-1

[Event "CRO-ch Youth U19 2020"]
[Site "Vinkovci"]
[Date "2020.08.01"]
[Round "6.16"]
[White "Muha, Magdalena"]
[Black "Golub, Nikolina"]
[Result "1-0"]
[WhiteElo "1720"]
[BlackElo "1911"]
[Annotator "ChessBase"]
[PlyCount "119"]
[EventDate "2020.07.28"]
[EventType "swiss"]
[EventCountry "CRO"]
[TimeControl "5400+30"]

1. d4 {[%emt 0:00:30]} Nf6 {[%emt 0:00:30]} 2. c4 {[%emt 0:00:00]} e6 {[%emt 0:00:00]} 3. Nf3 {[%emt 0:00:00]} Bb4+ {[%emt 0:00:00]} 4. Bd2 {[%emt 0:01:30]} a5 {[%emt 0:00:00]} 5. g3 {[%emt 0:04:30]} O-O {[%emt 0:01:00]} 6. Bg2 {[%emt 0:00:30]} d6 {[%emt 0:01:30]} 7. O-O {[%emt 0:01:30]} Bxd2 {[%emt 0:00:00]} 8. Nbxd2 {[%emt 0:05:30]} Nbd7 {[%emt 0:00:00]} 9. e4 {[%emt 0:04:30]} e5 {[%emt 0:02:30]} 10. d5 {[%emt 0:03:30]} Nc5 {[%emt 0:01:30]} 11. Nh4 {[%emt 0:02:30]} Bd7 {[%emt 0:04:30]} 12. Qe2 {[%emt 0:06:30]} g6 {[%emt 0:06:30]} 13. Rae1 {[%emt 0:14:30]} Re8 {[%emt 0:06:30]} 14. f3 {[%emt 0:04:30]} Rb8 {[%emt 0:07:30]} 15. Qf2 {[%emt 0:01:30]} Nd3 {[%emt 0:00:30]} 16. Qe2 {[%emt 0:06:30]} Nxe1 {[%emt 0:00:30]} 17. Qxe1 {[%emt 0:00:30]} c6 {[%emt 0:02:30]} 18. f4 {[%emt 0:04:30]} Qb6+ {[%emt 0:08:30]} 19. Kh1 {[%emt 0:00:30]} exf4 {[%emt 0:09:30]} 20. Rxf4 {[%emt 0:02:30]} Nh5 {[%emt 0:05:30]} 21. Rf2 {[%emt 0:02:30]} Qxb2 {[%emt 0:02:30]} 22. Qf1 {[%emt 0:04:30]} Re7 {[%emt 0:02:30]} 23. Bf3 {[%emt 0:02:30]} Ng7 {[%emt 0:02:30]} 24. Bg2 {[%emt 0:06:37]} Qxa2 {[%emt 0:05:30]} 25. e5 {[%emt 0:02:08]} Qa3 {[%emt 0:08:30]} 26. Ne4 {[%emt 0:01:47]} Ne8 {[%emt 0:03:27]} 27. e6 {[%emt 0:01:58]} Bxe6 {[%emt 0:00:53]} 28. dxe6 {[%emt 0:00:13]} f5 {[%emt 0:05:45]} 29. Nxf5 {[%emt 0:01:46]} gxf5 {[%emt 0:02:53]} 30. Rxf5 {[%emt 0:00:01]} Ng7 {[%emt 0:00:17]} 31. Rf3 {[%emt 0:03:54]} Qb4 {[%emt 0:01:13]} 32. Nf6+ {[%emt 0:00:06]} Kh8 {[%emt 0:00:28]} 33. Nd5 {[%emt 0:01:43]} Nxe6 {[%emt 0:00:07]} 34. Nxb4 {[%emt 0:00:13]} axb4 {[%emt 0:00:01]} 35. Qa1+ {[%emt 0:00:37]} Kg8 {[%emt 0:00:53]} 36. Qf6 {[%emt 0:00:38]} Rbe8 {[%emt 0:00:02]} 37. Rf5 {[%emt 0:01:32]} Ng7 {[%emt 0:01:04]} 38. Rf1 {[%emt 0:01:56]} b3 {[%emt 0:01:41]} 39. Be4 {[%emt 0:01:40]} b2 {[%emt 0:01:18]} 40. Kg2 {[%emt 0:01:03]} Ne6 {[%emt 0:03:19]} 41. Bb1 {[%emt 0:03:14]} Ng7 {[%emt 0:02:25]} 42. Kh3 {[%emt 0:00:10]} Ne6 {[%emt 0:01:54]} 43. Kg2 {[%emt 0:00:40]} Ng7 {[%emt 0:00:05]} 44. Qh6 {[%emt 0:02:00]} Ne6 {[%emt 0:00:41]} 45. Rf3 {[%emt 0:01:04]} Nf8 {[%emt 0:00:59]} 46. Qg5+ {[%emt 0:01:03]} Rg7 {[%emt 0:01:30]} 47. Qf6 {[%emt 0:00:37]} Nd7 {[%emt 0:00:34]} 48. Qxb2 {[%emt 0:00:41]} Ne5 {[%emt 0:00:11]} 49. Rf4 {[%emt 0:00:28]} Rge7 {[%emt 0:00:15]} 50. Qc2 {[%emt 0:00:40]} Ng6 {[%emt 0:00:10]} 51. Rf2 {[%emt 0:00:06]} Re5 {[%emt 0:00:30]} 52. Qb2 {[%emt 0:00:25]} R8e7 {[%emt 0:00:15]} 53. Qa2 {[%emt 0:00:11]} Kg7 {[%emt 0:00:44]} 54. Qd2 {[%emt 0:00:18]} d5 {[%emt 0:00:48]} 55. cxd5 {[%emt 0:00:09]} Rxd5 {[%emt 0:00:20]} 56. Qb2+ {[%emt 0:00:14]} Ne5 {[%emt 0:01:21]} 57. Ba2 {[%emt 0:00:29]} Rb5 {[%emt 0:00:26]} 58. Qd4 {[%emt 0:00:25]} h6 {[%emt 0:01:07]} 59. Qd8 {[%emt 0:00:16]} Ng6 {[%emt 0:00:23]} 60. Qg8# {[%emt 0:02:25]} 1-0

[Event "CRO-ch Youth U19 2020"]
[Site "Vinkovci"]
[Date "2020.08.01"]
[Round "7.9"]
[White "Moric, Ivan"]
[Black "Jakrlin, Mihael"]
[Result "1-0"]
[WhiteElo "1726"]
[BlackElo "2183"]
[Annotator "ChessBase"]
[PlyCount "105"]
[EventDate "2020.07.28"]
[EventType "swiss"]
[EventCountry "CRO"]
[SourceTitle "playchess.com"]
[Source "ChessBase"]
[SourceQuality "1"]
[TimeControl "5400+30"]

1. e4 {[%emt 0:00:30]} Nf6 {[%emt 0:02:30]} 2. e5 {[%emt 0:00:00]} Nd5 {[%emt 0:00:00]} 3. d4 {[%emt 0:00:00]} d6 {[%emt 0:00:00]} 4. Nf3 {[%emt 0:00:30]} Bg4 {[%emt 0:00:30]} 5. Bc4 {[%emt 0:01:30]} c6 {[%emt 0:00:30]} 6. Nc3 {[%emt 0:07:30]} dxe5 {[%emt 0:00:30]} 7. dxe5 {[%emt 0:02:30]} e6 {[%emt 0:00:30]} 8. Bxd5 {[%emt 0:07:30]} cxd5 {[%emt 0:00:30]} 9. O-O {[%emt 0:01:30]} Nc6 {[%emt 0:00:30]} 10. Re1 {[%emt 0:03:30]} Bb4 {[%emt 0:01:30]} 11. Bd2 {[%emt 0:08:30]} a6 {[%emt 0:00:30]} 12. h3 {[%emt 0:07:30]} Bh5 {[%emt 0:00:30]} 13. g4 {[%emt 0:00:30]} Bg6 {[%emt 0:00:00]} 14. Ne2 {[%emt 0:00:30]} Be7 {[%emt 0:03:00]} 15. c3 {[%emt 0:02:30]} O-O {[%emt 0:00:30]} 16. Ned4 {[%emt 0:03:30]} Na5 {[%emt 0:02:30]} 17. Qe2 {[%emt 0:02:30]} Nc4 {[%emt 0:04:30]} 18. Bc1 {[%emt 0:03:30]} Qc7 {[%emt 0:01:30]} 19. Nd2 {[%emt 0:00:30]} b5 {[%emt 0:04:30]} 20. f4 {[%emt 0:00:30]} Nxd2 {[%emt 0:04:30]} 21. Bxd2 {[%emt 0:00:30]} Be4 {[%emt 0:00:30]} 22. Qh2 {[%emt 0:08:30]} b4 {[%emt 0:06:30]} 23. Rac1 {[%emt 0:06:30]} bxc3 {[%emt 0:03:30]} 24. Rxc3 {[%emt 0:00:00]} Bc5 {[%emt 0:20:30]} 25. Be3 {[%emt 0:02:00]} Qb6 {[%emt 0:00:30]} 26. Qf2 {[%emt 0:09:30]} Rac8 {[%emt 0:11:30]} 27. Rec1 {[%emt 0:01:30]} Bxd4 {[%emt 0:00:30]} 28. Bxd4 {[%emt 0:01:04]} Rxc3 {[%emt 0:01:30]} 29. Rxc3 {[%emt 0:01:00]} Qb5 {[%emt 0:00:30]} 30. f5 {[%emt 0:06:26]} exf5 {[%emt 0:14:27]} 31. gxf5 {[%emt 0:00:08]} Qd7 {[%emt 0:00:05]} 32. f6 {[%emt 0:02:41]} Qe6 {[%emt 0:01:10]} 33. Qg3 {[%emt 0:02:26]} Bg6 {[%emt 0:00:10]} 34. h4 {[%emt 0:00:39]} h5 {[%emt 0:00:43]} 35. Qg5 {[%emt 0:02:11]} Re8 {[%emt 0:02:28]} 36. fxg7 {[%emt 0:02:14]} Kxg7 {[%emt 0:00:10]} 37. Rb3 {[%emt 0:01:59]} Qg4+ {[%emt 0:03:19]} 38. Qxg4 {[%emt 0:00:13]} hxg4 {[%emt 0:00:02]} 39. e6+ {[%emt 0:00:20]} f6 {[%emt 0:02:48]} 40. Rb7+ {[%emt 0:00:12]} Kh6 {[%emt 0:00:08]} 41. Rb6 {[%emt 0:01:56]} f5 {[%emt 0:00:31]} 42. Kf2 {[%emt 0:00:44]} Kh5 {[%emt 0:00:52]} 43. Kg3 {[%emt 0:00:42]} Rf8 {[%emt 0:01:06]} 44. Kf4 {[%emt 0:00:39]} Kxh4 {[%emt 0:01:29]} 45. e7 {[%emt 0:00:13]} Re8 {[%emt 0:01:18]} 46. Rxg6 {[%emt 0:00:11]} Kh5 {[%emt 0:00:14]} 47. Kxf5 {[%emt 0:01:02]} Rxe7 {[%emt 0:00:27]} 48. Rg7 {[%emt 0:01:06]} Rxg7 {[%emt 0:00:47]} 49. Bxg7 {[%emt 0:00:05]} g3 {[%emt 0:00:06]} 50. Bd4 {[%emt 0:00:10]} a5 {[%emt 0:00:22]} 51. Ke5 {[%emt 0:00:11]} a4 {[%emt 0:00:07]} 52. Kxd5 {[%emt 0:00:13]} a3 {[%emt 0:00:04]} 53. bxa3 {[%emt 0:00:11]} 1-0

[Event "CRO-ch Youth U19 2020"]
[Site "Vinkovci"]
[Date "2020.08.01"]
[Round "7.10"]
[White "Novosel, Marko"]
[Black "Cotic, Borna"]
[Result "0-1"]
[WhiteElo "2147"]
[BlackElo "2049"]
[Annotator "TA"]
[PlyCount "114"]
[EventDate "2020.07.28"]
[EventType "swiss"]
[EventCountry "CRO"]
[SourceTitle "playchess.com"]
[Source "ChessBase"]
[SourceQuality "1"]

{[%evp 9,114,27,54,-37,-43,-28,-18,-55,-49,-89,-89,-108,-71,-72,-72,-74,-32,-72,-71,-83,-77,-80,-67,-106,-65,-153,-159,-158,-87,-161,-152,-187,-184,-188,-179,-203,-202,-247,-267,-255,-194,-267,-197,-198,-183,-182,-181,-187,-166,-219,-206,-333,-143,-136,-135,-322,-310,-324,-316,-317,-310,-324,-319,-320,-315,-379,-371,-320,-324,-403,-402,-353,-359,-362,-356,-635,-622,-690,-680,-635,-594,-592,-576,-545,-568,-537,-521,-847,-593,-1533,-1475,-1983,-2112,-29961,-29962,-29966,-29959,-2660,-2455,-29978,-29979,-29989,-29989,-29998,-29987,-29985,-29985]} 1. e4 c5 2. Nc3 e6 3. g3 Nc6 4. Bg2 Nge7 5. Nge2 d5 6. d3 {B23: Closed Sicilian: Lines without g3.} (6. exd5 $14 Nxd5 7. Nxd5 exd5 8. O-O) 6... d4 $15 7. Nb1 g6 {[#]} 8. Bg5 $146 {The position is equal.} ({Predecessor:} 8. a4 Bg7 9. Na3 a6 10. Nc4 e5 11. a5 Be6 12. Nb6 Rb8 13. Bd2 Nc8 14. Na4 {½-½ (30) Osorio Itanare,F-Otero Munelo,H Barquisimeto 2004}) 8... Bg7 $1 9. Bxe7 Qxe7 10. O-O O-O 11. f4 e5 12. Nd2 f5 13. exf5 Bxf5 14. h3 Rae8 15. Ne4 Nb4 16. g4 Be6 17. f5 (17. c4 $15) 17... gxf5 $17 18. gxf5 Bxf5 ({Better is} 18... Rxf5 19. Rxf5 Bxf5) 19. N2g3 {[#]} (19. c3 $17 Nc6 20. N2g3) 19... Bg6 $1 $19 20. Nd2 Rxf1+ 21. Ndxf1 Qf7 22. a3 Nd5 23. Bxd5 Qxd5 24. Nd2 Qe6 25. Kg2 (25. Qg4 $142) 25... Rf8 26. Qe2 Bh6 27. Nde4 b6 28. Rf1 Bf4 29. b3 (29. Nh5 $142) 29... Kh8 {[#] aiming for ...Rg8.} 30. Qg4 (30. Nh5 $142) 30... Bf5 (30... Qe7 $19 {Threatens to win with ...Bxe4+.} 31. Kh1 Rg8 32. Rxf4 exf4 33. Qxf4 Rf8) 31. Nxf5 $17 {[%csl Gf5][%cal Rg4g7]} Rg8 $36 {[%mdl 2048] And now ...Qxf5 would win. White is under strong pressure.} 32. Qxg8+ $2 {Loses the game.} (32. Kf3 $17 Rxg4 33. hxg4) 32... Kxg8 $19 33. Nfd6 Kf8 34. Rf3 Ke7 35. a4 h5 36. Kf1 Kd7 37. Nb5 a6 38. Nbd6 Kc6 39. Ke2 Qd7 40. Nc4 {Rxf4! is the strong threat.} Qg7 41. Kf1 b5 42. axb5+ $2 (42. Ncd6) 42... axb5 43. Ncd6 Qa7 44. Kg2 Qa1 45. Nf5 Qd1 46. Ne7+ Kd7 47. Nd5 Qxc2+ 48. Kf1 Qb1+ 49. Ke2 c4 50. bxc4 bxc4 51. Ndf6+ Ke6 52. dxc4 Qc2+ 53. Ke1 Qc1+ 54. Kf2 Be3+ {Black mates.} 55. Kg3 Qe1+ 56. Nf2 Bxf2+ 57. Rxf2 Qg1+ {Accuracy: White = 44%, Black = 78%.} 0-1

[Event "CRO-ch Youth U19 2020"]
[Site "Vinkovci"]
[Date "2020.08.01"]
[Round "7.11"]
[White "Alfirevic, Duje"]
[Black "Baric, Marko"]
[Result "0-1"]
[WhiteElo "2011"]
[BlackElo "1831"]
[Annotator "ChessBase"]
[PlyCount "88"]
[EventDate "2020.07.28"]
[EventType "swiss"]
[EventCountry "CRO"]
[SourceTitle "playchess.com"]
[Source "ChessBase"]
[SourceQuality "1"]
[TimeControl "5400+30"]

1. e4 {[%emt 0:00:30]} c5 {[%emt 0:00:30]} 2. Nf3 {[%emt 0:00:00]} Nc6 {[%emt 0:00:00]} 3. d4 {[%emt 0:00:00]} cxd4 {[%emt 0:00:00]} 4. Nxd4 {[%emt 0:00:00]} g6 {[%emt 0:00:00]} 5. Nc3 {[%emt 0:00:00]} Bg7 {[%emt 0:00:00]} 6. Be3 {[%emt 0:00:30]} Nf6 {[%emt 0:00:30]} 7. Bc4 {[%emt 0:00:00]} O-O {[%emt 0:00:00]} 8. Bb3 {[%emt 0:00:00]} d6 {[%emt 0:00:00]} 9. f3 {[%emt 0:00:30]} Bd7 {[%emt 0:00:30]} 10. Qd2 {[%emt 0:00:00]} Nxd4 {[%emt 0:00:30]} 11. Bxd4 {[%emt 0:00:00]} b5 {[%emt 0:01:30]} 12. h4 {[%emt 0:10:30]} a5 {[%emt 0:01:30]} 13. h5 {[%emt 0:05:30]} e5 {[%emt 0:20:30]} 14. Be3 {[%emt 0:15:30]} a4 {[%emt 0:06:30]} 15. Bd5 {[%emt 0:03:30]} Nxd5 {[%emt 0:00:30]} 16. Nxd5 {[%emt 0:00:30]} Be6 {[%emt 0:19:30]} 17. Bh6 {[%emt 0:17:30]} Bxd5 {[%emt 0:04:30]} 18. Bxg7 {[%emt 0:01:30]} Kxg7 {[%emt 0:00:00]} 19. hxg6 {[%emt 0:04:30]} hxg6 {[%emt 0:00:00]} 20. Qxd5 {[%emt 0:05:30]} Qg5 {[%emt 0:04:30]} 21. Qd2 {[%emt 0:01:30]} Qg3+ {[%emt 0:03:30]} 22. Qf2 {[%emt 0:00:30]} Qxf2+ {[%emt 0:00:30]} 23. Kxf2 {[%emt 0:00:00]} Rac8 {[%emt 0:02:30]} 24. Rac1 {[%emt 0:02:00]} Rc5 {[%emt 0:02:30]} 25. a3 {[%emt 0:02:30]} d5 {[%emt 0:02:30]} 26. exd5 {[%emt 0:01:30]} Rxd5 {[%emt 0:00:30]} 27. Rhd1 {[%emt 0:01:30]} Rfd8 {[%emt 0:01:30]} 28. Rxd5 {[%emt 0:05:30]} Rxd5 {[%emt 0:00:00]} 29. Ke2 {[%emt 0:00:30]} f5 {[%emt 0:04:00]} 30. b3 {[%emt 0:00:30]} axb3 {[%emt 0:02:30]} 31. cxb3 {[%emt 0:00:30]} Kf6 {[%emt 0:00:30]} 32. a4 {[%emt 0:03:30]} bxa4 {[%emt 0:01:30]} 33. bxa4 {[%emt 0:00:30]} Kg5 {[%emt 0:03:32]} 34. g3 {[%emt 0:03:03]} e4 {[%emt 0:08:20]} 35. fxe4 {[%emt 0:03:00]} fxe4 {[%emt 0:00:34]} 36. Ke3 {[%emt 0:08:40]} Kf5 {[%emt 0:01:09]} 37. Rc3 {[%emt 0:01:06]} Ra5 {[%emt 0:05:30]} 38. Ra3 {[%emt 0:01:52]} Ke5 {[%emt 0:00:41]} 39. g4 {[%emt 0:01:02]} Ra7 {[%emt 0:01:53]} 40. a5 {[%emt 0:01:19]} Rh7 {[%emt 0:00:12]} 41. Kf2 {[%emt 0:02:37]} Kf4 {[%emt 0:01:09]} 42. Rg3 {[%emt 0:01:14]} Rh2+ {[%emt 0:00:17]} 43. Rg2 {[%emt 0:00:05]} e3+ {[%emt 0:02:20]} 44. Kg1 {[%emt 0:00:02]} e2 {[%emt 0:00:53]} 0-1

[Event "CRO-ch Youth U19 2020"]
[Site "Vinkovci"]
[Date "2020.08.01"]
[Round "7.12"]
[White "Ghersinich, Enrico"]
[Black "Smetisko, Josip"]
[Result "1-0"]
[WhiteElo "2299"]
[BlackElo "1940"]
[Annotator "ChessBase"]
[PlyCount "73"]
[EventDate "2020.07.28"]
[EventType "swiss"]
[EventCountry "CRO"]
[SourceTitle "playchess.com"]
[Source "ChessBase"]
[SourceQuality "1"]
[TimeControl "5400+30"]

1. e4 {[%emt 0:00:30]} d6 {[%emt 0:00:30]} 2. d4 {[%emt 0:00:00]} Nf6 {[%emt 0:00:00]} 3. Nc3 {[%emt 0:00:00]} g6 {[%emt 0:00:00]} 4. Be2 {[%emt 0:01:30]} Bg7 {[%emt 0:00:00]} 5. h4 {[%emt 0:00:30]} h5 {[%emt 0:02:00]} 6. Bg5 {[%emt 0:01:30]} Nbd7 {[%emt 0:04:30]} 7. Nf3 {[%emt 0:01:30]} Ng4 {[%emt 0:08:30]} 8. Qd2 {[%emt 0:05:30]} c6 {[%emt 0:13:30]} 9. Nh2 {[%emt 0:04:30]} Ndf6 {[%emt 0:12:30]} 10. Nxg4 {[%emt 0:03:30]} Bxg4 {[%emt 0:00:30]} 11. f3 {[%emt 0:00:00]} Be6 {[%emt 0:01:30]} 12. O-O-O {[%emt 0:00:00]} Qa5 {[%emt 0:01:30]} 13. Kb1 {[%emt 0:07:30]} d5 {[%emt 0:10:30]} 14. Bxf6 {[%emt 0:03:30]} Bxf6 {[%emt 0:00:30]} 15. Nxd5 {[%emt 0:00:30]} Qxd2 {[%emt 0:01:30]} 16. Nxf6+ {[%emt 0:00:00]} exf6 {[%emt 0:00:00]} 17. Rxd2 {[%emt 0:00:00]} O-O-O {[%emt 0:02:00]} 18. c4 {[%emt 0:01:30]} f5 {[%emt 0:00:30]} 19. Rhd1 {[%emt 0:01:30]} Rhe8 {[%emt 0:01:30]} 20. e5 {[%emt 0:01:30]} f4 {[%emt 0:10:30]} 21. Kc2 {[%emt 0:02:30]} Bf5+ {[%emt 0:01:30]} 22. Bd3 {[%emt 0:01:30]} Kc7 {[%emt 0:12:02]} 23. Kc3 {[%emt 0:02:30]} Re6 {[%emt 0:04:01]} 24. Re1 {[%emt 0:04:30]} Rde8 {[%emt 0:00:50]} 25. Rde2 {[%emt 0:00:30]} Rd8 {[%emt 0:00:42]} 26. b4 {[%emt 0:01:30]} a6 {[%emt 0:03:37]} 27. a4 {[%emt 0:01:30]} b6 {[%emt 0:05:28]} 28. Be4 {[%emt 0:01:30]} Re7 {[%emt 0:00:33]} 29. b5 {[%emt 0:01:30]} axb5 {[%emt 0:00:43]} 30. axb5 {[%emt 0:00:00]} Red7 {[%emt 0:02:11]} 31. d5 {[%emt 0:01:00]} c5 {[%emt 0:00:57]} 32. d6+ {[%emt 0:01:30]} Kb8 {[%emt 0:00:00]} 33. Ra2 {[%emt 0:00:30]} Bxe4 {[%emt 0:00:22]} 34. Rxe4 {[%emt 0:00:30]} f6 {[%emt 0:00:08]} 35. Re1 {[%emt 0:02:30]} Ra7 {[%emt 0:01:12]} 36. Rxa7 {[%emt 0:00:30]} Kxa7 {[%emt 0:00:01]} 37. e6 {[%emt 0:01:30]} 1-0